Historia ambiental de Veracruz /
Kaydedildi:
| Yazar: | |
|---|---|
| Materyal Türü: | Kitap |
| Dil: | Spanish |
| Etiketler: |
Etiketle
Etiket eklenmemiş, İlk siz ekleyin!
|
MARC
| LEADER | 00000nam a22000007a 4500 | ||
|---|---|---|---|
| 003 | cru CIDCACS/IIS | ||
| 005 | 20181129114921.0 | ||
| 007 | ta | ||
| 008 | 181129t2011 mx |||||r|||||||| 0|spa|d | ||
| 999 | |c 41938 |d 41938 | ||
| 040 | |c cru CIDCACS/IIS | ||
| 100 | 1 | |9 8054 |a Rodríguez Herrero, Pedro Hipólito | |
| 245 | 1 | |a Historia ambiental de Veracruz / |c Pedro Hipólito Rodríguez Herrero | |
| 300 | |a páginas 549-613: |b tablas, gráficos, fotos | ||
| 773 | 0 | |0 41933 |9 2462 |d Mexico: Gobierno del Estado de Veracruz, 2011 |o 17741 |t Historia general de Veracruz / |z 9786075020938 | |
| 942 | |2 ddc |c LI | ||



